000
00325nam a2200121Ia 4500
008
240624s9999 xx 000 0 und d
041
_a
eng
082
_a
179.3 KAR
100
_a
KARLEKAR HIRANMAY
245
_a
SAVAGE HUMANS AND STRAY DOGS A STUDY IN
260
_c
2008
_a
New Delhi
_b
Sage
300
_a
xiv, : 275 : p. : cm. ; 21
999
_c
21544
_d
21544